000 00452nam a22001817a 4500
005 20180205123645.0
008 160916b xxu||||| |||| 00| 0 eng d
020 _a978-81-775-8422-6
041 _aeng
082 _a005.13
100 _aSETHI,RAVI
_93571
245 _aPROGRAMMING LANGUAGES:concepts & contructs
250 _a2nd Ed.
260 _bPEARSON
_c2013
_anew delhi
300 _a472
650 _aINFORMATION TECHNOLOGY
_9137
942 _cBK
999 _c5252
_d5250